Normal view
MARC view
- Hit-and-run drivers
Entry Topical Term
001 - CONTROL NUMBER
- control field: 27375
003 - CONTROL NUMBER IDENTIFIER
- control field: NUST
005 - DATE AND TIME OF LATEST TRANSACTION
- control field: 20200107152411.0
008 - FIXED-LENGTH DATA ELEMENTS
- fixed length control field: 200107|| aca||aabn | a|a d
040 ## - CATALOGING SOURCE
- Original cataloging agency: NUST
- Transcribing agency: NUST
150 ## - HEADING--TOPICAL TERM
- Topical term or geographic name entry element: Hit-and-run drivers
670 ## - SOURCE DATA FOUND
- Source citation: Work cat.: (NUST): George, Elizabeth, 1949- 14292, A traitor to memory ., 2001.
